| 000 | 00000nam 2200000zi 4500 |
| 001 | 9.936329 |
| 003 | CaOODSP |
| 005 | 20250801082149 |
| 006 | m o d f |
| 007 | cr mn||||||||| |
| 008 | 240404t20242024onca o f000 0 fre d |
| 020 | |a9780660711768 |
| 040 | |aCaOODSP|bfre|erda|cCaOODSP |
| 041 | 0 |afre|aeng |
| 043 | |an-cn--- |
| 045 | |ay2y2 |
| 086 | 1 |aCi4-194/2024F-PDF |
| 245 | 00|aÉtude sur Expérience internationale Canada (EIC) 2023-2024 : |brapport final / |cpréparé pour Immigration, réfugiés et citoyenneté Canada. |
| 246 | 3 |aÉtude sur Expérience internationale Canada (EIC) 2023-2024 |
| 246 | 17|aÉtude de 2023-2024 auprès des jeunes sur EIC |
| 264 | 1|a[Ottawa] : |bImmigration, réfugiés et citoyenneté Canada = Immigration, Refugees and Citizenship Canada, |c2024. |
| 264 | 4|c©2024 |
| 300 | |a1 ressource en ligne (70 pages) + |eannexe (89 pages non numérotées : illustrations en couleur) + sommaire (9 pages non numérotées) |
| 336 | |atexte|btxt|2rdacontent/fre |
| 337 | |ainformatique|bc|2rdamedia/fre |
| 338 | |aressource en ligne|bcr|2rdacarrier/fre |
| 500 | |aPublié aussi en anglais sous le titre : 2023-24 International Experience Canada (IEC) study: final report. |
| 500 | |aTitre de la couverture. |
| 500 | |a« Fournisseur : Environics Research. » |
| 500 | |a« Numéro du contrat : CW2334686. » |
| 500 | |a« Date de livraison : 20 mars 2024. » |
| 500 | |a« Numéro d'enregistrement : POR 072-23. » |
| 546 | |aTexte en anglais; Annexe B en anglais et en français. |
| 650 | 6|aCanadiens|xTravail|zPays étrangers|xOpinion publique. |
| 650 | 6|aJeunes adultes|xTravail|zPays étrangers|xOpinion publique. |
| 650 | 6|aEmploi à l'étranger|xPolitique gouvernementale|zCanada|xOpinion publique. |
| 650 | 6|aOpinion publique|zCanada. |
| 650 | 6|aJeunes adultes|zCanada|xAttitudes. |
| 710 | 1 |aCanada. |bImmigration, réfugiés et citoyenneté Canada, |eorganisme de publication. |
| 710 | 2 |aEnvironics Research Group, |econsultant. |
| 775 | 08|t2023-24 International Experience Canada (IEC) study : |w(CaOODSP)9.936328 |
| 794 | |tÉtude 2024-2025 auprès des jeunes sur Expérience internationale Canada (EIC) : |w(CaOODSP)9.952852 |
| 795 | |tÉtude sur Expérience internationale Canada (EIC) 2023 : |w(CaOODSP)9.926678 |
| 856 | 40|qPDF|s1.98 Mo|uhttps://publications.gc.ca/collections/collection_2024/ircc/Ci4-194-2024-fra.pdf|zRapport final |
| 856 | 40|qPDF|s1.62 Mo|uhttps://publications.gc.ca/collections/collection_2024/ircc/Ci4-194-2024-1.pdf|zAnnexe B |
| 856 | 40|qPDF|s339 Ko|uhttps://publications.gc.ca/collections/collection_2024/ircc/Ci4-194-2024-2-fra.pdf|zRésumé du rapport |
| 856 | 4 |qHTML|sS.O.|uhttps://epe.bac-lac.gc.ca/100/200/301/pwgsc-tpsgc/por-ef/immigration_refugees/2024/072-23-f/072-23-rapport.html|zRapport final |
| 856 | 4 |qHTML|sS.O.|uhttps://epe.bac-lac.gc.ca/100/200/301/pwgsc-tpsgc/por-ef/immigration_refugees/2024/072-23-f/072-23-Instrument-Appendix.htm|zAnnexe B |
| 856 | 4 |qHTML|sS.O.|uhttps://epe.bac-lac.gc.ca/100/200/301/pwgsc-tpsgc/por-ef/immigration_refugees/2024/072-23-f/sommaire/072-23-sommaire.html|zRésumé du rapport |
| 856 | 4 |qHTML|sS.O.|uhttps://epe.bac-lac.gc.ca/100/200/301/pwgsc-tpsgc/por-ef/immigration_refugees/2024/072-23-f/index.html|zEnsemble de données complet |